000 00539nmm a2200169Ia 4500
008 251105s9999||||xx |||||||||||||||||und||
020 _a9789681675257
041 _aspa
100 _aCastellanos, Rosario
245 0 _aObras reunidas, I. Novelas :
_b Balún-Canán / Oficio de tinieblas
264 _a[México D.C., Mexico] :
_bFondo de Cultura Económica,
_c2012
300 _a528 páginas
490 _aObras Reunidas
650 _aLatin American narrative
856 _uhttps://public.digitaliapublishing.com/a/43191
942 _cCF
999 _c97012
_d97012